Statistiques concernant Personnages de Naruto

Cliquez ici pour prendre le quiz!

Statistiques générales

  • Ce quiz a été pris 3 096 fois
    (3 090 depuis la dernière actualisation)
  • Le résultat moyen est 35 sur 131

Statistiques - réponses

HintRéponse% Correct
Tsunade
89%
Sannin légendairesJiraya
85%
Orochimaru
84%
Naruto Uzumaki
65%
HokageHashirama Senju
63%
InstructeursKakashi Hatake
63%
Minato Namikaze
63%
Tobirama Senju
63%
Sasuke Uchiwa
62%
Shî
61%
Hiruzen Sarutobi
58%
Sakura Haruno
56%
SunaGaara
55%
Rock Lee
55%
AkatsukiItachi Uchiwa
53%
Tenten
53%
Hinata Hyûga
52%
Neji Hyûga
52%
Asuma Sarutobi
49%
Gaï Maito
48%
Pain
48%
Shikamaru Nara
48%
Temari
48%
Deidara
47%
Konan
46%
Sasori
46%
Kankurô
44%
Obito Uchiwa
44%
Hidan
43%
Ino Yamanaka
43%
Saï
43%
Shino Aburame
43%
Kakuzu
42%
Kushina Uzumaki
42%
AmeNagato
42%
Chôji Akimichi
40%
Madara Uchiwa
39%
Karin
38%
Akamaru
34%
Kiba Inuzuka
34%
Zetsu
34%
BossGamabunta
33%
Jugo
32%
ChienPakkun
31%
Shisui Uchiwa
31%
Yahiko
31%
Killer B
30%
Parents de persos principauxShikaku Nara
30%
GeninKonohamaru Sarutobi
29%
Yamato/Tenzô
29%
FilsGamakichi
27%
Kisame Hoshigaki
27%
Fugaku Uchiwa
26%
Croc blancSakumo Hatake
25%
Kiri (pays de l'eau)Zabuza
25%
Ebisu
24%
Inoichi Yamanaka
24%
Chôza Akimichi
22%
Kurenaï Yûhi
22%
CochonTonton
22%
Baki
21%
RacineDanzô Shimura
21%
Haku
21%
Hanzô
21%
Darui
20%
Roi des singesEnma
20%
AutresRin
20%
Ao
19%
AncienneChiyo
19%
LimaceKatsuyu
19%
Iwa (pays de la terre)Ônoki
19%
Kimimaro
18%
Omoï
17%
FilsGamatatsu
16%
OtoKabuto Yakushi
16%
Karui
16%
Moegi
16%
Tokubetsu JôninShizune
16%
Suigetsu Hôzuki
16%
Udon
16%
Iruka Umino
15%
Jirôbô
15%
SerpentManda
15%
Tayuya
15%
Hiashi Hyûga
14%
Quintet du sonSakon
14%
Ukon
14%
Anko Mitarashi
13%
Chôjûrô
13%
Ibiki Morino
13%
Médiateur sommet des KageMifune
13%
Samui
13%
Hizashi Hyûga
12%
Kidomaru
12%
Meï Terumî
12%
MaladroitGamaken
11%
Kumo (pays de la foudre)Raikage
11%
Shibi Aburame
11%
Kurotsuchi
10%
Akatsuchi
9%
SerpentAoda
9%
AncienFukasaku
9%
Duo ChûninKotetsu Hagane
9%
PèreTeuchi
9%
Aoba Yamashiro
8%
Hayate Gekko
8%
Izumo Kamizuki
8%
Torune Aburame
8%
Yagura
8%
Fû Yamanaka
7%
FilleAyame
6%
AncienneShima
6%
CombatGamahiro
5%
Ôjiji-samaGamamaru
5%
VétérinaireHana Inuzuka
5%
Mizuki
5%
Tsume Inuzuka
5%
Genma Shiranui
4%
Raido Namiashi
4%
Examen ChûninDosu Kinuta
3%
Kin Tsuchi
3%
Unité de décryptageShiho
3%
Tapir (Konoha)Baku
2%
Salamandre (Ame)Ibuse
2%
MessagerKôsuke
2%
Faucon (Suna)Takamaru
2%
Yûra
2%
Zaku Abumi
2%
Belette (Suna)Kamatari
1%
Araignée géante (Oto)Kyodaigumo
1%

Distribution des résultats

Percentile par nombre de réponses

% des personnes avec chaque résultat

Votre développement - résultats

Vous n’avez pas pris ce quiz depuis la dernière actualisation